00379 a2200097 4500001001000000005001700010008004100027245014900068100002100217773004300238ART_4074220260410161628.0260409a 10aLas bases para una reformulación del estatuto del "comerciante" y su reemplazo por los nuevos obligados contables, en la actual codificación1 aPapa, Rodolfo G.0 tEnfoquesg- Nº 10 (oct. 2016)wREV416